| 000 | 00603nam a2200217Ia 4500 | ||
|---|---|---|---|
| 008 | 160517s9999 xx 000 0 und d | ||
| 050 | _aT 58.6 | ||
| 050 | _b.H557 2016 | ||
| 100 | _aHernandez, Ferdnand Charles P. | ||
| 245 | _aHelplabs medical information system / | ||
| 245 | _cFernand Charles P. Hernandez. | ||
| 260 | _aLas PiƱas, Philippines : | ||
| 260 | _bSISC, | ||
| 260 | _c2016. | ||
| 300 | _a160 pages : | ||
| 300 | _billustrations ; | ||
| 300 | _c28 cm. | ||
| 500 | _aIncludes bibliographical references and appendices. | ||
| 521 | _aInformation Technology | ||
| 942 | _cTH | ||
| 999 |
_c293940 _d293940 |
||